| 000 | 00498nam a2200217Ia 4500 | ||
|---|---|---|---|
| 008 | 210210b1938 xxu||||| |||| 00| 0 eng d | ||
| 041 | _aeng | ||
| 082 | _a320/54 | ||
| 100 | _aBENTWICH (J S) | ||
| 245 | _aHow the English are governed | ||
| 260 |
_aLondon _bLongman Green & Co. _c1938 |
||
| 300 | _a148 | ||
| 650 | _athe | ||
| 650 | _aHow | ||
| 650 | _agoverned | ||
| 650 | _aEnglish | ||
| 650 | _aare | ||
| 690 | _aPolitical Science | ||
| 700 | _aMENDILOW (A A) Ed | ||
| 906 | _a001809 | ||
| 999 |
_c117058 _d117058 |
||